Statistics for AFC Asian Cup Winners

Click here to take the quiz!

General Stats

  • This quiz has been taken 23 times
    (12 since last reset)
  • The average score is 14 of 17

Answer Stats

YearHostWinner% Correct
1956Hong KongSouth Korea
91%
1976IranIran
91%
2004ChinaJapan
91%
1960South KoreaSouth Korea
91%
2019United Arab EmiratesQatar
91%
1972ThailandIran
91%
1968IranIran
91%
1964IsraelIsrael
91%
1980KuwaitKuwait
82%
1992JapanJapan
82%
1996United Arab EmiratesSaudi Arabia
82%
2000LebanonJapan
82%
2007IndonesiaIraq
82%
2011QatarJapan
82%
2015AustraliaAustralia
82%
1984SingaporeSaudi Arabia
73%
1988QatarSaudi Arabia
73%

Score Distribution

Percentile by Number Answered

Percent of People with Each Score

Your Score History

You have not taken this quiz since the last reset